[Event "Baia Mare Castanelor Cup 7th"]
[Site "Baia Mare"]
[Date "2021.11.29"]
[Round "8"]
[White "Ardelean, Mihai George"]
[Black "Muresan, Marian Gabriel"]
[Result "1/2-1/2"]
[WhiteElo "1896"]
[BlackElo "1532"]
[PlyCount "33"]
[EventDate "2021.11.28"]
[EventType "swiss (rapid)"]
[EventRounds "9"]
[EventCountry "ROU"]
[SourceTitle "CBM 205 Extra"]
[Source "ChessBase"]
[SourceDate "2022.01.31"]
[SourceVersion "1"]
[SourceVersionDate "2022.01.31"]
[SourceQuality "1"]

1. d4 d5 2. c4 e6 3. Nc3 Nf6 4. Bg5 Be7 5. e3 0-0 6. Nf3 c6 7. Bd3 dxc4 8. Bxc4 Nd5 9. Bxe7 Qxe7 10. Bd3 Qb4 11. Qd2 Nd7 12. e4 N5b6 13. a3 Qe7 14. 0-0 e5 15. Rad1 exd4 16. Nxd4 Ne5 17. Bb1 1/2-1/2